00258nam a2200097 a 450000500170000000800410001705000200005810000180007824500460009626000180014220141022142007.0100913s19uu xx 00 eng d aCD-ROMbS5 2006 aSantock, John aLife Map :bto accompany life-span dev't. bMc-Graw Hill.